000 00495nam a22002057a 4500
003 UA-OsUOA
001 51966
007 ta
008 20080128b un ||||| |||| 00| 0 ukr d
090 _a94
_bС-36
942 _cSA
040 _aUA-OsUOA
_bukr
_cUA-OsUOA
_dUA-OsUOA
245 _aСила народу - в єдності.
300 _aС.1,5
955 _a0
041 _aukr
080 _a94
773 0 _w51961
650 7 _a9 Географія. Біографії. Історія
_2UDC
999 _c338056
_d338056